Statystyki dla Czy znasz tablice rejestracyjne w Warszawie?

Kliknij tutaj aby rozwiązać quiz!

Ogólne statystyki

  • Ten quiz został rozwiązany 379 razy
  • Średni wynik to 12 z 15

Statystyki odpowiedzi

DzielnicaWyróżnik% Poprawnych
BemowoWB
93%
BiałołękaWA
87%
MokotówWE
81%
BielanyWD
79%
Praga-PółnocWH
79%
ŚródmieścieWI
79%
Rembertów, Wilanów, WłochyWW
78%
Praga-PołudnieWF
76%
TargówekWJ
75%
Żoliborz, WesołaWX
75%
UrsynówWN
74%
OchotaWU
74%
UrsusWK
73%
WawerWT
72%
Wola, Warszawa (cudoziemcy)WY
67%

Rozkład punktacji

Percentyl według liczby udzielonych odpowiedzi

Procent ludzi z każdym wynikiem

Twoja historia wyników

Nie rozwiązałeś tego quizu